00966nam a22002657a 450000500170000001000110001702000100002803500110003803700160004904000120006508200150007710000340009224501340012626000400026027000400030030000280034049000470036850000190041565000330043465000290046770000360049694200240053299900190055695201250057520170124105910.0 a999275 c00.00 a999275 bCen Lib/Ret aDPLbEN a615.2bBHA aBhagwan Dash, Vaidya 9112626 aBasic principles of ayurveda :cby Vaidya Bhagwan Dash [and] Vaidya Lalitesh Kashyapbbased on ayurveda saukhyam of todarananda / aNew DelhibConcept Publishingc1980 aH-13, bali nagarbNew Delhie110015 axxvii, 627p. c21cm(Hb) aTodarananda Ayurveda Saukhyam of Series, 2 aIncludes index aTreatment zAyurveda9112627 aAyurveda sukhyam9112628 aKashyap, Vaidya Lalitesh910091 2ddccENh615.2mBHA c122448d122448 001040718REFaLbLd2015-05-22eCen Lib/Retg0.00l0o615.2 BHAp999275r2015-05-22 00:00:00t1v0.00w2016-09-15yEN